000
00219nam a22001097a 4500
040
_c
SK
082
_a
604
100
_a
NA
245
_a
គំនូរបច្ចេកទេស
260
_a
RUA
_b
NA
_c
1997
942
_c
KB
999
_c
9897
_d
9897